| 000 | 00453nam a2200181Ia 4500 | ||
|---|---|---|---|
| 001 | 9627 | ||
| 005 | 20260306161732.0 | ||
| 008 | 260306t1993||||xx |||||||||||||| ||spa|| | ||
| 041 | _aESP | ||
| 082 |
_aS 382.911 _bR32 |
||
| 100 |
_aRebolledo Soberón, Luis (Ed.) _eAUT |
||
| 245 | 0 | _aEsfuerzos de integración en América Latina | |
| 260 | _c1993 | ||
| 300 |
_a247 páginas : _c23 cm. |
||
| 650 | _aGEN | ||
| 654 | _aCAN | ||
| 942 |
_cLIB _dJUS _fJUS _2ddc _n |
||
| 999 |
_c9627 _d9627 |
||